000 00282nam a2200121Ia 4500
008 190216s9999||||xx |||||||||||||| ||und||
100 _aMunshi Remchand
245 0 _aSati Tatha Anya Kahniya
260 _bRashtiya Rajadhani
_c2013
300 _a267
650 _aHindi
942 _cBK
999 _c16918
_d16918